Segunda semana indigenista
Na minha lista:
| Formato: | Livro |
|---|---|
| Idioma: | espanhol |
| Publicado em: |
Temuco
Escuelas Universitarias de la Frontera
1970
|
| Assuntos: | |
| Tags: |
Adicionar Tag
Sem tags, seja o primeiro a adicionar uma tag!
|
MARC
| LEADER | 00000nam a2200000 a 4500 | ||
|---|---|---|---|
| 001 | UCT8295 | ||
| 003 | CL-VaPUC | ||
| 008 | 970326e19700000CL |||||||||||||||||spa|d | ||
| 082 | 0 | 4 | |a 983 |b SEG |2 21 |
| 245 | 1 | 0 | |a Segunda semana indigenista |
| 300 | |a 117 p | ||
| 942 | |c BK | ||
| 945 | |d 19970326 00:00:00 |a nastorga | ||
| 260 | |a Temuco |b Escuelas Universitarias de la Frontera |c 1970 | ||
| 650 | 0 | |a Historia |9 255047 | |
| 650 | 0 | |a Economía |9 255568 | |
| 650 | 0 | |a Sociedad |9 307903 | |
| 650 | 0 | |a Mapuche |9 344248 | |
| 650 | 0 | |a Culturas indígenas |9 266389 | |
| 650 | 0 | |a Desarrollo económico y social |9 256320 | |
| 651 | 7 | |a CHILE |2 CL-VaPUC |9 379939 | |
| 583 | |a last modification |c 19970326 00:00:00 |k Rodrigo Vera | ||
| 999 | |c 256805 |d 256803 | ||
| 952 | |0 0 |1 0 |4 0 |6 983_000000000000000_SEG_1970 |7 0 |8 P |9 279788 |a BIBEDU |b BIBEDU |c BIBEDU_PB |d 2019-11-19 |i 3276325 |o 983 SEG 1970 |p 3276325 |r 2024-01-25 |w 2019-11-19 |y BK |k LIT | ||